000 00604nam a22001577a 4500
003 NUST
038 _aNusrat Nadeem
082 _a200
100 _aSahi, Muhammad Umer
_9130973
245 _aTransforming Human Capital Management in a Public Sector Agricultural Research Organization through Implementation of High-Performance Work System Practices./
_cMuhammad Umer Sahi,
264 _aIslamabad:
_bNBS NUST.
_c2025.
650 _aExecutive MBA
_9120079
700 _aSupervisor: Ms. Kishwar Sameen Gulzar
_9120416
856 _uhttp://10.250.8.41:8080/xmlui/handle/123456789/55539
942 _2ddc
_cSC
999 _c615099
_d615099